• 首页
  • 本馆介绍
  • 公告通知
  • 最新文献
  • 馆藏检索
  • 电子资源
  • 读者导购
  • 参考咨询
  • 我的图书馆
  • 登录
  • 详细信息显示
  • 放入我的书架
  • 预约/预借图书
  • 作者相关作品
  • 分类相关作品
  • 丛书相关作品
  • 出版社相关作品

书目信息

  • 表格格式
  • 工作单格式
  • 卡片格式
题名:
加勒比地区史
    
 
作者: 威廉斯 著 ;辽宁大学经济系翻译组 译
分册: 下  
出版信息: 沈阳   辽宁人民出版社  1976.10
页数: 401-1001页
开本: 21cm
丛书名:
单 册:
中图分类: K75
科图分类:
主题词: 西印度群岛--历史
电子资源:
ISBN:
000 00718nam0 2200229 45
001 0211190926
005 20061115082435.95
010    @dCNY3.35
091    @a11090.35
100    @a20021119d1976 km y0chiy0120 ea
101 0  @achi
105    @aa z 000yy
200 1  @a加勒比地区史@AJia Le Bi Di Qu Shi@e1492-1969@h下@f(特)埃里克·威廉斯著@F(Te)Ai Li Ke·Wei Lian Si Zhu@g辽宁大学经济系翻译组译
210    @a沈阳@c辽宁人民出版社@d1976.10
215    @a401-1001页@c插图@d21cm
517    @a1492-1969
606 0  @a西印度群岛@x历史
690    @aK75@v3
701  0 @a威廉斯@4著
712 02 @a辽宁大学经济系翻译组@ALiao Ning Da Xue Jing Ji Xi Fan Yi Zu@4译
801    @aCN@bTSTC@c20061115
905    @dK75@e2:2@f1@b218882
    
    加勒比地区史:1492-1969.下/(特)埃里克·威廉斯著/辽宁大学经济系翻译组译.-沈阳:辽宁人民出版社,1976.10
    401-1001页:插图;21cm
    
    
    ISBN :CNY3.35
    
●
相关链接 在E读中查询图书 在五车中查询图书 在当当中查询图书 在豆瓣中查询图书


正题名:加勒比地区史     索取号:K75/2:2         预约/预借

序号 登录号 条形码 馆藏地/架位号 状态 备注
1 0218842   001413982   密集书库/ [索取号:K75/2:2] 在馆    
2 0218843   001414026   第二样本阅览室/ [索取号:K75/2:2] 在馆    
3 0218882   001625147   密集书库/ [索取号:K75/2:2] 在馆    
唐山师范学院图书馆 欢迎您!
大连网信软件有限公司© 版权所有